50 Biggest Territories of The World - Statistics

General Stats
  • This quiz has been taken 114 times
  • The average score is 12 of 50
Answer Stats
# Territory Area in km2 Population Country % Correct
5 Greenland 2,166,086 56,615 Denmark
95%
8 Alaska 1,717,854 710,231 USA
64%
1 Antarctica 14,000,000 5,000
62%
27 Texas 696,241 25,145,561 USA
51%
6 Nunavut 2,093,190 33,303 Canada
50%
3 Western Australia 2,615,602 2,610,600 Australia
50%
41 Yukon 482,443 34,246 Canada
50%
29 Alberta 661,848 3,724,832 Canada
45%
11 Quebec 1,542,056 8,214,672 Canada
45%
7 Queensland 1,852,642 4,516,361 Australia
44%
13 Northwest Territories 1,346,106 43,537 Canada
42%
17 Ontario 1,076,395 13,210,667 Canada
41%
19 British Columbia 948,596 4,510,858 Canada
40%
15 Tibet 1,228,400 3,002,166 China
40%
12 Northern Territory 1,420,968 229,675 Australia
39%
31 Manitoba 647,797 1,232,654 Canada
38%
21 New South Wales 809,444 7,238,819 Australia
38%
16 Inner Mongolia 1,183,000 24,706,321 China
37%
30 Saskatchewan 651,036 1,114,170 Canada
36%
18 South Australia 1,043,514 1,644,642 Australia
33%
2 Sakha Republic 3,103,200 950,300 Russia
32%
10 Amazonas 1,570,947 3,480,937 Brazil
30%
43 Kamchatka Krai 472,300 321,800 Russia
27%
9 Xinjiang 1,660,000 21,813,334 China
20%
4 Krasnoyarsk Krai 2,339,700 2,628,200 Russia
18%
23 Irkutsk Oblast 767,900 2,428,700 Russia
16%
20 Mato Grosso 906,807 3,033,991 Brazil
15%
14 Pará 1,253,164 7,588,078 Brazil
14%
40 Sichuan 485,000 80,418,200 China
13%
46 Gansu 454,000 25,575,254 China
10%
25 Chukotka Autonomous Okrug 737,700 50,500 Russia
9%
34 Bahia 564,273 14,021,432 Brazil
8%
38 Katanga Province 496,871 4,125,000 D.R. Congo
8%
44 Magadan Oblast 461,400 157,000 Russia
7%
26 Qinghai 721,000 5,626,722 China
7%
24 Yamalo-Nenets Autonomous Okrug 750,300 522,800 Russia
7%
32 Agadez Region 634,209 321,639 Niger
6%
45 Heilongjiang 460,000 38,312,224 China
6%
22 Khabarovsk Krai 788,600 1,344,200 Russia
6%
33 Minas Gerais 586,528 19,595,309 Brazil
6%
39 Tombouctou Region 496,611 681,691 Mali
5%
36 Khanty–Mansi Autonomous Okrug 523,100 1,532,000 Russia
4%
48 New Valley Governorate 440,098 208,000 Egypt
3%
50 Karagandy Region 428,000 1,375,000 Kazakhstan
2%
49 Zabaykalsky Krai 431,500 1,106,600 Russia
2%
47 Adrar Province 443,782 402,197 Algeria
1%
28 Eastern Province 672,522 3,360,157 Saudi Arabia
1%
35 Tamanrasset Province 556,200 198,691 Algeria
1%
42 Kufra District 479,160 50,104 Libya
0%
37 Orientale Province 503,239 5,566,000 D.R. Congo
0%
No matching quizzes found
Score Distribution
Percent of People with Each Score
Percentile by Number Answered
Your Score History
You have not taken this quiz